| 000 | 00439nam a22001697a 4500 | ||
|---|---|---|---|
| 003 | BD-DhUL | ||
| 005 | 20170521143900.0 | ||
| 008 | 170521b xxu||||| |||| 00| 0 eng d | ||
| 020 | _a0192892495 | ||
| 040 |
_aBD-DhUL _cBD-DhUL |
||
| 082 |
_a320.533 _bFAS |
||
| 100 | _aGriffin, Roger | ||
| 245 |
_aFascism : _cRoger Griffin |
||
| 260 |
_aOxford : _bUniversity Press, _c1995. |
||
| 300 |
_a xvii, 410p. ; _c24 cm. |
||
| 942 |
_2ddc _cBK |
||
| 999 |
_c201134 _d201134 |
||